Bharata Natyam on the global stage: (Record no. 56173)

MARC details
000 -LEADER
fixed length control field 00902nam a22002531 4500
005 - DATE AND TIME OF LATEST TRANSACTION
control field 2011090107597.0
010 ## - LCCN (DPL NO)
LC control number G-001312
020 ## - INTERNATIONAL STANDARD BOOK NUMBER
International Standard Book Number 9788120833623
Terms of availability 395.00
035 ## - SYSTEM CONTROL NUMBER
System control number B-345633-636
035 ## - SYSTEM CONTROL NUMBER
System control number B-349016-024
035 ## - SYSTEM CONTROL NUMBER
System control number G-001312
037 ## - SOURCE OF ACQUISITION
Source of stock number/acquisition Gift
082 ## - DEWEY DECIMAL CLASSIFICATION NUMBER
Classification number 793.31954
100 ## - MAIN ENTRY--PERSONAL NAME
Personal name Shea, Janet O'
245 ## - TITLE STATEMENT
Title Bharata Natyam on the global stage:
Remainder of title at homein the world /
Statement of responsibility, etc by Janet O' Shea
260 ## - PUBLICATION, DISTRIBUTION, ETC. (IMPRINT)
Place of publication, distribution, etc Delhi
Name of publisher, distributor, etc Motilal Banarsidass
Date of publication, distribution, etc 2007
270 ## - ADDRESS
Address 41 U.A. Bungalow Road, Jawahar Nagar
City Delhi
Telephone number 110007
300 ## - PHYSICAL DESCRIPTION
Extent xii, 222 p.
Dimensions 24cm(Hb)
490 ## - SERIES STATEMENT
Series statement Perfirnubg arts serues
-- 34104
500 ## - GENERAL NOTE
General note Includes references
942 ## - ADDED ENTRY ELEMENTS (KOHA)
Source of classification or shelving scheme Dewey Decimal Classification
Item type English Books
Call number suffix SHE
Classification part 793.31954
Holdings
Withdrawn status Lost status Not for loan Collection code Home library Current library Date acquired Source of acquisition Cost, normal purchase price Full call number Barcode Copy number Cost, replacement price Koha item type
      Non-fiction Janak Puri Janak Puri 01/09/2011 gift 395.00 793.31954 SHE G-001312 1 395.00 English Books

© Delhi Public Library
Hit Counter
free hit counter